000 00501nam a22001577a 4500
003 NUST
038 _aNusrat Nadeem
082 _a200
100 _aAhmed, Najam
_9130558
245 _aFew-Shot Learning with Large Language Models (LLMs)/
_cNajam Ahmed,
264 _aIslamabad:
_bSEECS NUST.
_c2025.
650 _aMS-Artificial Intelligence
_9124951
700 _aSupervisor: Muhammad Daud Abdullah Asif
_9130557
856 _uhttp://10.250.8.41:8080/xmlui/handle/123456789/54418
942 _2ddc
_cSC
999 _c614751
_d614751